=LDR 00000nam 2200000 4500 =001 INLIS000000000002872 =005 20250213095010 =035 ##$$a 0010-0225000162 =007 ta =008 250213###########################0#ind## =082 ##$$a 815 =084 ##$$a 815 BAD p =245 1#$$a Pidato Kepala BKKBN Juli - Desember 1990 /$c Badan Koordinasi Keluarga Berencana Nasional =260 ##$$a Jakarta :$b Badan Koordinasi Keluarga Berencana Nasional,$c 1990 =300 ##$$a 268 hlm. : $b ilus. ; $c 21 cm. =650 #4$$a BKKBN =650 #4$$a Kependudukan =650 #4$$a Keluarga Berencana =110 #$$a Badan Koordinasi Keluarga Berencana Nasional